000 00690nam a2200217Ii 4500
003 JO-AjNU
008 230605s9999||||xx |||||||||||||| ||und||
017 _a1982/4513
020 _a977-01-0096
040 _aJO-AjNU
_bara
_erda
_cJO-AjNU
041 _aara
050 1 4 _aPJ7862.H68.M37 1982
100 3 _aتأليف شوقي، أحمد,
_eauthor
_945348
245 0 0 _aمصرع كليوبترا
264 3 1 _aالقاهرة: الهيئة المصرية العامة للكتاب ، 1982
300 _a100ص
336 _atext
_btxt
_2rdacontent
337 _aunmediated
_bn
_2rdamedia
338 _avolume
_bnc
_2rdacarrier
650 4 _aالأدب العربي - روايات
_945349
999 _aA19650
_c23218
_d23218